Kumpulan ceritera wayang purwa : Sakuntala, Basudewa Grogol,Ganggawati

Bibliographic Details
Main Author: Heroesoekarto (Author)
Format: Book
Published: Jakarta : Pradnya Paramita , 1975
Subjects:

MARC

LEADER 00000cam a2200000 7i4500
001 0000005006
005 20021118093000.0
008 021118n
050 0 0 |a PL5088   |b .H4 
090 0 0 |a PL5088   |b .H4 
100 0 |a Heroesoekarto ,   |e author 
245 0 0 |a Kumpulan ceritera wayang purwa :   |b Sakuntala, Basudewa Grogol,Ganggawati   |c Heroesoekarto 
260 2 |a Jakarta :   |b Pradnya Paramita ,   |c 1975 
300 |a 59 ms. ; ;   |c 21 sm. 
650 0 |a Wayang 
999 |a 1000048524   |b Book   |c OPEN SHELF (30 DAYS)   |e Gong Badak Campus 
999 |a 1000048525   |b Book   |c OPEN SHELF (30 DAYS)   |e Gong Badak Campus